|
|
|
|
| LEADER |
00858pam a22002778a 4500 |
| 001 |
00025239 |
| 005 |
20171026081023.0 |
| 008 |
110801s1992 ||||||engsd |
| 020 |
# |
# |
|a 1 85715 061 9
|
| 041 |
0 |
# |
|a eng
|
| 082 |
1 |
4 |
|a 335
|b U500T
|
| 100 |
1 |
# |
|a More, Thomas
|
| 245 |
1 |
0 |
|a Utopia
|c Thomas More
|
| 260 |
# |
# |
|a London
|b David Campbell Publishers
|c 1992
|
| 300 |
# |
# |
|a xli,148 p.
|c 21 cm.
|
| 490 |
# |
# |
|a Everyman's library
|
| 504 |
# |
# |
|a Includes bibliographical references (p. xxiv-xxvii)
|
| 650 |
# |
4 |
|a Chủ nghĩa nhân đạo
|
| 650 |
# |
4 |
|a Lịch sử
|
| 650 |
# |
4 |
|a Thời kì phục hưng
|
| 650 |
# |
4 |
|a Tôn giáo
|
| 650 |
# |
4 |
|a Xã hội không tưởng
|
| 852 |
# |
# |
|b Kho đọc
|j KD.0008343
|
| 852 |
# |
# |
|j KD.0008343
|
| 910 |
|
|
|d 01/08/2011
|
| 980 |
# |
# |
|a Trung tâm Học liệu Lê Vũ Hùng, Trường Đại học Đồng Tháp
|